000 00554nam a22001817a 4500
999 _c9055
_d9055
008 210322b ||||| |||| 00| 0 eng d
040 _aBMS College of Architecture
100 _aDonthi, A, Neha
245 _aCultural vantage for the twin cities of KarnatakaNA
300 _aNA
500 _a1BM07AT026
502 _8B.Arch
_NBMS College of Architecture, Visvesvaraya Technological University
_aProject report
_d2012
650 _aCity
650 _aKarnataka
700 _aShobha M N
_eGuide
700 _aK R Madhu Chand
_eGuide
942 _2ddc
_cTHE